| 000 | 00733nam a22002057a 4500 | ||
|---|---|---|---|
| 005 | 20240110150539.0 | ||
| 008 | 240110b ||||| |||| 00| 0 eng d | ||
| 020 |
_a978 _q9780071139496 |
||
| 040 | _cAL | ||
| 041 | _aeng | ||
| 082 |
_223 _a541.394 _bESPC |
||
| 100 |
_aJames H Espenson _9147874 |
||
| 245 | _aChemical kinetics and reaction mechanisms | ||
| 250 | _a2nd ed. | ||
| 260 |
_aNew York _bMcGraw Hill,Inc. _c1995 |
||
| 300 |
_axii,281p. _bPB _c22.5x15cm. |
||
| 520 | _aReaction and reaction rates; Reaction with a simple kinetic form; Deduction of reaction mechanism; Reaction in solution; Reaction in extreme rates. | ||
| 650 |
_2Physical chemistry _aChemic dynamics, static and equilibrium _9147875 |
||
| 942 |
_2ddc _cBK |
||
| 999 |
_c229627 _d229627 |
||